[Event "Jose de Freitas op 7th"]
[White "Pacifico, Joao Paulo Alves"]
[Black "Carvalho, Sara Thais Araujo"]
[Site "Jose de Freitas"]
[Round "4"]
[Result "1/2-1/2"]
[Date "2024.07.14"]
[WhiteElo "1561"]
[BlackElo "1800"]
[PlyCount "22"]
[EventDate "2024.07.13"]
[EventType "swiss"]
[EventRounds "5"]
[EventCountry "BRA"]
[SourceTitle "CBM 221 Extra"]
[Source "ChessBase"]
[SourceDate "2024.09.30"]
[SourceVersion "1"]
[SourceVersionDate "2024.09.30"]
[SourceQuality "1"]

1. d4 d5 2. c4 e6 3. Nc3 Nf6 4. Bg5 Be7 5. Nf3 0-0 6. e3 c5 7. Qc2 Nbd7 8. Be2 b6 9. 0-0 Bb7 10. Rac1 Re8 11. Rfd1 Rc8 1/2-1/2